ბათუმის შოთა რუსთაველის სახელმწიფო უნივერსიტეტის ბიბლიოთეკა

ჩანაწერი Corporate Name

ჩანაწერთა რაოდენობა, რომელიც გამოყენებულია: 1

001 - CONTROL NUMBER

  • control field: 6935

003 - CONTROL NUMBER IDENTIFIER

  • control field: GE_BSU

005 - DATE AND TIME OF LATEST TRANSACTION

  • control field: 20200210121207.0

008 - FIXED-LENGTH DATA ELEMENTS

  • fixed length control field: 200210|| aca||aabn | a|a d

040 ## - CATALOGING SOURCE

  • Original cataloging agency: GE_BSU
  • Transcribing agency: GE_BSU

110 ## - HEADING--CORPORATE NAME

  • Corporate name or jurisdiction name as entry element:
  • Relator term: გრ. რობაქიძის სახ. უნ-ტი, ფილოს. და სოციალ. მეცნ. კვლევითი ინ-ტი

670 ## - SOURCE DATA FOUND

  • Source citation: Work cat.: (GE_BSU)50328: შნაიდერი, ჰელმუტ. 6932, ძენ-ბუდიზმის ესთეტიკა. ვაბი-საბი და მშვენიერების ევროპული იდეა = Aesthetics of Zen-Buddhizm. Wabi-Sabi and the european idea of beauty /